• 首页
  • 本馆介绍
  • 公告通知
  • 最新文献
  • 馆藏检索
  • 电子资源
  • 读者导购
  • 参考咨询
  • 我的图书馆
  • 登录
  • 详细信息显示
  • 放入我的书架
  • 预约/预借图书
  • 作者相关作品
  • 分类相关作品
  • 丛书相关作品
  • 出版社相关作品

书目信息

  • 表格格式
  • 工作单格式
  • 卡片格式
题名:
与青年朋友谈治学
    
 
作者: 堵军 主编
分册:  
出版信息: 延吉   延边人民出版社  2004.12
页数: 185页
开本: 20cm
丛书名:
单 册:
中图分类: G795
科图分类:
主题词: 教育--类型
电子资源:
ISBN: 7-80698-345-7
000 00546nam0 2200193 450
001 0530982354
005 20050302083622.75
010    @a7-80698-345-7@dCNY19.80
100    @a20050302d2004 km y0chiy0120 ea
101 0  @achi
200 1  @a与青年朋友谈治学@Ayu qing nian peng you tan zhi xue@f堵军 主编@Fdu jun zhu bian
210    @a延吉@c延边人民出版社@d2004.12
215    @a185页@d20cm
300    @a人生成长奠基石丛书
606 0  @a教育@x类型
690    @aG795@v3
701  0 @a堵军@Adu jun@4主编
801  0 @aCN@bPFT@c20050302
905    @aBZT@dG795@e1
    
    与青年朋友谈治学/堵军 主编.-延吉:延边人民出版社,2004.12
    185页;20cm
    人生成长奠基石丛书
    
    ISBN 7-80698-345-7:CNY19.80
    
●
相关链接 在五车中查询图书 在当当中查询图书 在豆瓣中查询图书


正题名:与青年朋友谈治学     索取号:G795/1         预约/预借

序号 登录号 条形码 馆藏地/架位号 状态 备注
1 432531   210599672   中心书库北库/ 北库026架B面5列4层27/ [索取号:G795/1] 在馆    
2 432532   210599663   中心书库北库/ 北库026架B面5列4层29/ [索取号:G795/1] 在馆    
3 432533   210599654   中心书库北库/ 北库026架B面5列4层30/ [索取号:G795/1] 在馆    
4 432534   210599645   中心书库北库/ 北库026架B面5列4层28/ [索取号:G795/1] 在馆    
5 432535   210599636   中心书库北库/ 北库026架B面5列4层25/ [索取号:G795/1] 在馆    
6 432536   210599627   中心书库北库/ 北库026架B面5列4层21/ [索取号:G795/1] 在馆    
7 432537   210599618   中心书库北库/ 北库026架B面5列4层26/ [索取号:G795/1] 在馆    
8 432538   210599609   中心书库北库/ 北库026架B面5列4层24/ [索取号:G795/1] 在馆    
9 432539   210599592   中心书库北库/ 北库026架B面5列4层23/ [索取号:G795/1] 在馆    
10 432540   210599574   中心书库北库/ 北库026架B面5列4层22/ [索取号:G795/1] 在馆    
山东省滨州职业学院图书馆 欢迎您!
大连网信软件有限公司© 版权所有